|
|
|
|
| LEADER |
00000nas a2200000 a 4500 |
| 001 |
ssj0008968 |
| 003 |
WaSeSS |
| 005 |
20200512172242.0 |
| 006 |
m d |
| 007 |
cr n |
| 008 |
970515c19919999pauqr pss 0 a0eng c |
| 010 |
|
|
|a sn 97004547
|
| 016 |
7 |
|
|a 1468414-7
|2 DE-600
|
| 022 |
|
|
|a 1095-7189
|l 1052-6234
|y 1052-6234
|
| 035 |
|
|
|a (WaSeSS)ssj0008968
|
| 040 |
|
|
|a IWA
|b eng
|c IWA
|d NSD
|d OCL
|d OCLCQ
|d MUQ
|d OCL
|d LGG
|d OCLCQ
|d DEBBG
|d OCLCQ
|d OCLCF
|d OCLCO
|d OCLCQ
|d TXA
|d WT2
|d OCLCQ
|d AU@
|d OCLCQ
|d WaSeSS
|
| 042 |
|
|
|a nsdp
|a pcc
|
| 050 |
1 |
4 |
|a QA402.5
|b .S5442
|
| 082 |
1 |
0 |
|a 519
|2 12
|
| 130 |
0 |
|
|a SIAM journal on optimization (Online)
|
| 210 |
0 |
|
|a SIAM j. optim.
|b (Online)
|
| 222 |
|
0 |
|a SIAM journal on optimization
|b (Online)
|
| 245 |
1 |
0 |
|a SIAM journal on optimization
|h [electronic resource].
|
| 246 |
1 |
|
|a Society for Industrial and Applied Mathematics journal on optimization
|
| 260 |
|
|
|a [Philadelphia] :
|b Society for Industrial and Applied Mathematics,
|c [1991]-
|
| 310 |
|
|
|a Quarterly
|
| 362 |
1 |
|
|a Began with: Vol. 1, no. 1 (February 1991).
|
| 506 |
|
|
|a License restrictions may limit access.
|
| 520 |
|
|
|a A journal containing research and expository articles on the theory and practice of optimization, and papers that link optimization theory with computational practice and applications.
|
| 538 |
|
|
|a Mode of access: World Wide Web.
|
| 588 |
0 |
|
|a Vol. 1, no. 1 (February 1991); title from issue table of contents (SIAM, viewed February 10, 2017).
|
| 588 |
1 |
|
|a Vol. 26, No. 4 (2016) (SIAM, viewed February 10, 2017).
|
| 650 |
|
0 |
|a Mathematical optimization
|v Periodicals.
|
| 650 |
|
6 |
|a Optimisation mathématique
|v Périodiques.
|
| 650 |
|
7 |
|a Mathematical optimization.
|2 fast
|0 (OCoLC)fst01012099
|
| 655 |
|
0 |
|a Electronic journals.
|
| 710 |
2 |
|
|a Society for Industrial and Applied Mathematics.
|
| 776 |
0 |
8 |
|i Print version:
|t SIAM journal on optimization
|x 1052-6234
|w (DLC) 91642714
|w (OCoLC)22338945
|
| 856 |
4 |
0 |
|z Full text available from Research Library: 02/01/1991 to 07/31/2014
|u https://search.proquest.com/publication/666300
|